All Ireland Hurling Champions - Statistics

General Stats
  • This quiz has been taken 110 times
  • The average score is 122 of 138
Answer Stats
Year Winner % Correct
1890 | 1892 | 1893 | +27 others Cork
97%
1889 | 1917 | 1920 | +3 others Dublin
97%
1923 | 1980 | 1987 | +2 others Galway
97%
1897 | 1918 | 1921 | +9 others Limerick
95%
1904 | 1905 | 1907 | +33 others Kilkenny
87%
1887 | 1895 | 1896 | +26 others Tipperary
84%
1948 | 1959 Waterford
84%
1914 | 1995 | 1997 | +2 others Clare
82%
1910 | 1955 | 1956 | +3 others Wexford
82%
1891 Kerry
81%
1915 Laois
66%
1981 | 1985 | 1994 | 1998 Offaly
63%
1901 London
31%
No matching quizzes found
Score Distribution
Percent of People with Each Score
Percentile by Number Answered
Your Score History
You have not taken this quiz